00534nam a2200169Ia 450000500170000000800410001702000150005808200130007310000150008624500170010126000410011830000130015950000760017294200060024895200950025499900150034920250701155515.0240331s9999 xx 000 0 und d a9552021529 bMAHa398 aMahendra,S 0aKatha kawaya aColombobS. Godage & Brothersc1997 a152 p ., aA collection of folktales relevant to the study of comparative folklore cL 001040708LaWERCLbWERCLcSSCd2024-03-31l0o 398 MAHp2631r2024-03-31w2024-03-31yL c5110d5110